Debt and death in rural India : (Record no. 58590)

MARC details
000 -LEADER
fixed length control field 01732nam a22003137a 4500
005 - DATE AND TIME OF LATEST TRANSACTION
control field 20111122110014.0
008 - FIXED-LENGTH DATA ELEMENTS--GENERAL INFORMATION
fixed length control field 111122t xxu||||| |||| 00| 0 eng d
010 ## - LCCN (DPL NO)
LC control number ENG-104163
020 ## - INTERNATIONAL STANDARD BOOK NUMBER
International Standard Book Number 9788132106531
Terms of availability 750.00
035 ## - SYSTEM CONTROL NUMBER
System control number EN-87696
037 ## - SOURCE OF ACQUISITION
Source of stock number/acquisition DBAD/PUB
040 ## - CATALOGING SOURCE
Original cataloging agency DPL
Language of cataloging Eng
082 00 - DEWEY DECIMAL CLASSIFICATION NUMBER
Classification number 362.280954552091734
Edition number 23
100 1# - MAIN ENTRY--PERSONAL NAME
Personal name Sidhu, Aman
9 (RLIN) 35994
245 10 - TITLE STATEMENT
Title Debt and death in rural India :
Remainder of title the Punjab story /
Statement of responsibility, etc by Aman Sidhu with Inderjit Singh Jaijee.
260 ## - PUBLICATION, DISTRIBUTION, ETC. (IMPRINT)
Place of publication, distribution, etc New Delhi
Name of publisher, distributor, etc SAGE Publications
Date of publication, distribution, etc 2011
270 ## - ADDRESS
Address B1/I-1 Mohan Cooperative Industrial Area Mathura Road
City New Delhi
Postal code 110044
300 ## - PHYSICAL DESCRIPTION
Extent xx,335p.
Dimensions 23cm (Hb)
500 ## - GENERAL NOTE
General note Includes bibliographical references and index.
505 0# - FORMATTED CONTENTS NOTE
Formatted contents note Introduction -- Punjab's land, rivers and climate -- Cultural profile of Moonak subdivision -- Dispute over Punjab's river waters -- History of southeast Punjab -- The demand for federalism -- Punjab versus the central government steamroller -- Quantification of suicides -- A problem does not exist if you don't look at it -- Rehabilitation and compensation -- Survival strategies -- Afterword -- Appendices -- Index.
650 #0 - SUBJECT ADDED ENTRY--TOPICAL TERM
Topical term or geographic name as entry element Farmers
General subdivision Suicidal behaviour
Geographic subdivision India
-- Punjab.
9 (RLIN) 35995
650 #0 - SUBJECT ADDED ENTRY--TOPICAL TERM
Topical term or geographic name as entry element Farmers
Geographic subdivision India
-- Punjab
General subdivision Economic conditions.
9 (RLIN) 35996
650 #0 - SUBJECT ADDED ENTRY--TOPICAL TERM
Topical term or geographic name as entry element Water-supply
Geographic subdivision India
-- Punjab.
9 (RLIN) 35997
650 #0 - SUBJECT ADDED ENTRY--TOPICAL TERM
Topical term or geographic name as entry element Agriculture and state
Geographic subdivision India
-- Punjab.
9 (RLIN) 35998
700 1# - ADDED ENTRY--PERSONAL NAME
Personal name Jaijee, Inderjit Singh
Dates associated with a name 1931-
9 (RLIN) 35999
942 ## - ADDED ENTRY ELEMENTS (KOHA)
Source of classification or shelving scheme Dewey Decimal Classification
Item type English Books
Classification part 362.280954552091734
Call number suffix SID
Holdings
Withdrawn status Lost status Source of classification or shelving scheme Damaged status Not for loan Collection code Home library Current library Date acquired Source of acquisition Cost, normal purchase price Total Checkouts Full call number Barcode Date last seen Copy number Cost, replacement price Koha item type
    Dewey Decimal Classification   Not For Loan Non-fiction D.B.Act.Division D.B.Act.Division 22/11/2011 DBAD/PUB 750.00   362.280954552091734 SID EN-87696 22/11/2011 1 750.00 English Books

© Delhi Public Library
Hit Counter
free hit counter